| 000 | 00506nam a22001577a 4500 | ||
|---|---|---|---|
| 003 | SGT | ||
| 020 | _a9789350353400 | ||
| 082 | _a347.90954,MAL | ||
| 100 | _aMALIK,S.B | ||
| 245 | _aCOMMENTARY ON THE ARBITRATION AND CONCILIATION ACT AN EXHAUSTIVE SECTION-WISE COMMENTARYON THE ARBITRATION AND CONCILIATION ACT, 1996 WITH PLETHORA OF UP-TO-DATE CASE LAW | ||
| 250 | _a6TH | ||
| 260 |
_aNEW DELHI _bCOMMERCIAL BOOKS _c2012 |
||
| 300 | _a1334 | ||
| 650 | _aARBITRATION AND CONCILIATION | ||
| 942 |
_2ddc _cBK _02 |
||
| 999 |
_c9713 _d9713 |
||